The Dispute Resolution Newsletter (Record no. 118621)
[ view plain ]
| 000 -LEADER | |
|---|---|
| fixed length control field | 00721cas a22002295a 4500 |
| 001 - CONTROL NUMBER | |
| control field | L396 |
| 008 - FIXED-LENGTH DATA ELEMENTS--GENERAL INFORMATION | |
| fixed length control field | 070608d19971999xxkfr p a eng |
| 035 ## - SYSTEM CONTROL NUMBER | |
| System control number | (Sirsi) u99017 |
| 041 ## - LANGUAGE CODE | |
| Language code of text/sound track or separate title | eng |
| 110 2# - MAIN ENTRY--CORPORATE NAME | |
| Corporate name or jurisdiction name as entry element | Royal Institution of Chartered Surveyors |
| Subordinate unit | Dispute Resolution Service |
| 9 (RLIN) | 4720 |
| 245 04 - TITLE STATEMENT | |
| Title | The Dispute Resolution Newsletter |
| 260 ## - PUBLICATION, DISTRIBUTION, ETC. | |
| Place of publication, distribution, etc. | London |
| Name of publisher, distributor, etc. | RICS |
| Date of publication, distribution, etc. | 1997-1999 |
| 350 ## - PRICE (NR) (BK AM CF MU VM SE) [OBSOLETE] | |
| Price | 0 |
| 362 0# - DATES OF PUBLICATION AND/OR SEQUENTIAL DESIGNATION | |
| Dates of publication and/or sequential designation | (8) Summer 1997-(11) February 1999 |
| 554 ## - | |
| -- | Two per year |
| 651 #4 - SUBJECT ADDED ENTRY--GEOGRAPHIC NAME | |
| Geographic name | United Kingdom |
| Chronological subdivision | |
| 690 ## - LOCAL SUBJECT ADDED ENTRY--TOPICAL TERM (OCLC, RLIN) | |
| Topical term or geographic name as entry element | MANAGEMENT-DISPUTE AVOIDANCE, MANAGEMENT AND RESOLUTION-DISPUTE MANAGEMENT AND RESOLUTION |
| 780 00 - PRECEDING ENTRY | |
| Title | Arbitrations Newsletter |
| 785 00 - SUCCEEDING ENTRY | |
| Title | Dispute Resolution News |
| 942 ## - ADDED ENTRY ELEMENTS (KOHA) | |
| Suppress in OPAC | 0 |
| 948 ## - LOCAL PROCESSING INFORMATION (OCLC); SERIES PART DESIGNATOR (RLIN) | |
| c (OCLC) | 15/12/1995 |
| Withdrawn status | Lost status | Source of classification or shelving scheme | Damaged status | Not for loan | Home library | Current library | Shelving location | Date acquired | Total Checkouts | Full call number | Barcode | Date last seen | Price effective from | Koha item type |
|---|---|---|---|---|---|---|---|---|---|---|---|---|---|---|
| Other/Generic Classification Scheme | London | London | Gallery | 11/05/2007 | DISPUTE RESOLUTION NEWS | 99017-1001 | 06/08/2019 | 06/08/2019 | Journal |